01316cam a22003734i 4500003000900000005001700009008004100026020001500067020001800082035002000100082001700120100002700137245008300164264004000247300004300287336002100330337002500351338002300376504003300399505033700432526001000769526001000779526001000789526001000799526000800809526000800817526000800825526000800833526000800841526000800849526000800857650004000865650003700905PE-LiUPU20250731173113.0190103s2018 tnu r 001 0 eng  a1501842676 a9781501842672 a(Sirsi) a25127804a261bR562231 aRieger, Joerg,eautor.10aJesus vs. Caesar :bfor people tired of serving the wrong God /cJoerg Rieger. 1aNashville :bAbingdon Press,c2018. axiv, 149 páginas ;c23 centímetros atext2rdacontent aunmediated2rdamedia avolume2rdacarrier aÍndice: páginas 147-149.0 aChristians as atheists? : On the heart of Christianity -- Give to Caesar what is Caesar's and to God what is God's : On Religion and Politics -- The materialism of religion : on religion and things that matter -- God vs. Mammon : on religion and economics -- The way, the truth and the life? : on interreligious and other dialogues. aSEG42 aSEG41 aSEG40 aSEG39 aP94 aP87 aP86 aP85 aP77 aP76 aP3500aEl cristianismo y otras religiones.07aEl cristianismo y la política.